000
00250nam a22001097a 4500
082
_a
621.381 DEL'E
100
_a
DELANEY, CYRIL
_9
78195
245
_a
ELECTRONICS FOR THE PHYSICIST
260
_a
ENGLAND
_b
PANGUIN
_c
1969
300
_a
256P
942
_c
BK
999
_c
583357
_d
583357